00513nam a2200157Ia 4500008004100000041000800041082001400049100001800063245004500081250001400126260003200140300003200172365001100204999001700215952012300232240624s9999 xx 000 0 und d aeng a658.5 SAN aSANSBURY JOHN aOPERATIONAL SUPPORT AND ANALYSIS A GUIDE a(2nd ed.) c2015aNew DelhibViva Books axxiv, : 139 : p. : cm. ; 23 cRSb33 c27438d27438 00104070aIMTNbIMTNcRack 34-Ad2016-05-02eAPg795.00l0o658.5 SANp27438r2024-06-24 00:00:00t1w2024-06-24yBK